小王子的玫瑰 (Record no. 52079)

000 -LEADER
fixed length control field 00510nam a22001937a 4500
003 - CONTROL NUMBER IDENTIFIER
control field MPLRDC
005 - DATE AND TIME OF LATEST TRANSACTION
control field 20220104150842.0
008 - FIXED-LENGTH DATA ELEMENTS--GENERAL INFORMATION
fixed length control field 210129b ||||| |||| 00| 0 eng d
020 ## - INTERNATIONAL STANDARD BOOK NUMBER
International Standard Book Number 986-7975-05-7
082 ## - DEWEY DECIMAL CLASSIFICATION NUMBER
Classification number 784.28 EXU
100 ## - MAIN ENTRY--PERSONAL NAME
Personal name CONSUELO DE SAINT-EXUPERY
245 ## - TITLE STATEMENT
Title 小王子的玫瑰
Statement of responsibility, etc. 余光照译
250 ## - EDITION STATEMENT
Edition statement 第一版
260 ## - PUBLICATION, DISTRIBUTION, ETC.
Place of publication, distribution, etc. 台湾
Name of publisher, distributor, etc. 大块文化出版股份有限公司
Date of publication, distribution, etc. 2002
300 ## - PHYSICAL DESCRIPTION
Other physical details 369
490 ## - SERIES STATEMENT
Series statement MARK. 29
650 ## - SUBJECT ADDED ENTRY--TOPICAL TERM
Topical term or geographic name entry element 法国名人自传
942 ## - ADDED ENTRY ELEMENTS (KOHA)
Koha item type Book
-- 784.28 EXU
Holdings
Withdrawn status Lost status Source of classification or shelving scheme Damaged status Not for loan Collection code Home library Current library Shelving location Date acquired Cost, normal purchase price Total Checkouts Full call number Barcode Date last seen Date last checked out Price effective from Koha item type Public note
            Malaysian Public Library, Research and Development Centre Malaysian Public Library, Research and Development Centre   10/12/2007 15.00   784.28 EXU 00052257 18/03/2021 10/12/2007 18/03/2021 Book mplrdc

© 2022. Malaysian Public Library, Research and Development Centre. All Right ReservedE-mailmplrdc@help.edu.my 

Powered by Koha